LEADER 02138nam 2200397 n 450 001 996391868703316 005 20200824121734.0 035 $a(CKB)4940000000108581 035 $a(EEBO)2264214590 035 $a(UnM)99863673e 035 $a(UnM)99863673 035 $a(EXLCZ)994940000000108581 100 $a19930608d1656 uy | 101 0 $aeng 135 $aurbn||||a|bb| 200 10$aPeitharchia$b[electronic resource] $eobedience to magistrates, both supreme and subordinate. In three sermons, preached upon the anniversarie election-day of three Lord Majors successively, viz. Sr. Thomas Viner, elected, September 29. 1653. Sr. Christopher Pack, on the same day, 1654. Alderman John Dethicke Esq. now Lord Elect, chosen the same day. 1655. At the church of Lawrence Jewrie London, together with a fourth sermon tending towards a description of the corruption of the mind, preacht at Pauls on the 24th day of June, 1655. /$fBy Richard Vines 210 $aLondon, $cPrinted for Abel Rober at the Sun against Dunstans Church in Fleetstreet$d1656 215 $a[8], 26; [2], 20; [2], 22; [2], 21, [1] p 300 $aFirst word of title in Greek characters. 300 $aAlso issued as part of his: Sermons preached upon several publike and eminent occasions (Wing V569). 300 $a"Subjection to magistrates .. laid open in a second sermon" (Wing V570) "Subjection to magistrates: .. presented in a third sermon" (Wing V571) and "The corruption of minde" (Wing V549) each have separate pagination, register, and title page dated 1655, 1656, and undated respectively. 300 $aAnnotation on Thomason copy: "Nouemb: 7". 300 $aReproduction of the original in the British Library. 330 $aeebo-0018 517 2 $aObedience to magistrates, both supreme and subordinate 606 $aSermons, English$y17th century 615 0$aSermons, English 700 $aVines$b Richard$f1600?-1656.$01001686 801 0$bCu-RivES 801 1$bCu-RivES 801 2$bCStRLIN 801 2$bWaOLN 906 $aBOOK 912 $a996391868703316 996 $aPeitharchia$92405254 997 $aUNISA LEADER 01240nas 2200421-a 450 001 9910140340003321 005 20241029213015.0 035 $a(CKB)962824940112 035 $a(CONSER)---97657679- 035 $a(EXLCZ)99962824940112 100 $a19800201b19792005 --- a 101 0 $aeng 181 $ctxt$2rdacontent 182 $cc$2rdamedia 183 $acr$2rdacarrier 200 00$aPetersen's photographic 210 $aLos Angeles $cPetersen Pub. Co.$d[1979]- 215 $a1 online resource 311 08$aPrint version: Petersen's photographic. 0199-4913 (DLC) 97657679 (OCoLC)5937411 517 3 $aPhotographic buyer's guide 517 3 $aPHOTO graphic 531 $aPETERSENS PHOTOGRAPHIC 531 0 $aPetersen's photogr. 606 $aPhotography$vPeriodicals 606 $aPhotography$2fast$3(OCoLC)fst01061714 608 $aPeriodical. 608 $aperiodicals.$2aat 608 $aPeriodicals.$2fast 608 $aPeriodicals.$2lcgft 608 $aPériodiques.$2rvmgf 615 0$aPhotography 615 7$aPhotography. 676 $a770/.5 906 $aJOURNAL 912 $a9910140340003321 920 $aexl_impl conversion 996 $aPetersen's photographic$92322227 997 $aUNINA